000 004480000a22001810004500
003 MACL
005 20160112152754.0
008 160112b xxu||||| |||| 00| 0 eng d
040 _aMACL
_cMACL
041 _aEnglish
082 _a923.1/DES
100 _aDesai, Morarji
_928059
245 _aThe Story of My Life
260 _bS Chand & Company LTD
_c1979
_aNew Delhi
350 _a30
650 _aBiography
_931467
942 _cBK
_k923.1/DES
_2ddc
999 _c36632
_d36632